书目信息 |
| 题名: |
英语教学参考书
|
|
| 作者: | 胡国湘 主编 | |
| 分册: | 第1册 | |
| 出版信息: | 上海 上海外语教育出版社 2006.01 |
|
| 页数: | 79页 | |
| 开本: | 26cm | |
| 丛书名: | ||
| 单 册: | ||
| 中图分类: | H31 | |
| 科图分类: | ||
| 主题词: | 英语--ying yu--成人高等学校--教学参考资料 | |
| 电子资源: | ||
| ISBN: | 7-81095-940-9 | |
| 000 | 00828nam0 2200241 450 | |
| 001 | 012006485125 | |
| 005 | 20070612095939.56 | |
| 010 | @a7-81095-940-9@dCNY11.00 | |
| 100 | @a20061214d2006 km y0chiy0120 ea | |
| 101 | 0 | @achi@aeng |
| 102 | @aCN@b310000 | |
| 105 | @ay z 000yy | |
| 200 | 1 | @a英语教学参考书@Aying yu jiao xue can kao shu@h第1册@f胡国湘主编@Fhu guo xiang zhu bian |
| 210 | @a上海@c上海外语教育出版社@d2006.01 | |
| 215 | @a79页@d26cm | |
| 300 | @a新编成人高等学校教材(非英语专业用) | |
| 304 | @a新编成人高等学校英语教材编写组编 | |
| 330 | @a本书是配套教学参考用书。提供课文译文、练习答案,主要是英语的各种场景的问候语言的表达等。 | |
| 606 | 0 | @a英语@Aying yu@x成人高等学校@j教学参考资料 |
| 690 | @aH31@v4 | |
| 701 | 0 | @a胡国湘@Ahu guo xiang@4主编 |
| 801 | 0 | @aCN@c20070612 |
| 905 | @a10447@dH31@eH467:1 | |
| 英语教学参考书.第1册/胡国湘主编.-上海:上海外语教育出版社,2006.01 |
| 79页;26cm |
| 新编成人高等学校教材(非英语专业用) |
| ISBN 7-81095-940-9:CNY11.00 |
| 本书是配套教学参考用书。提供课文译文、练习答案,主要是英语的各种场景的问候语言的表达等。 |
| ● |
| 相关链接 |
|
|
|
正题名:英语教学参考书
索取号:H31/H467:1
 
预约/预借
| 序号 | 登录号 | 条形码 | 馆藏地/架位号 | 状态 | 备注 |
| 1 | 232242 | 202322423 | 语言库209/209语言库 82排2列1层/ [索取号:H31/H467:1] | 在馆 | |
| 2 | 232243 | 202322432 | 语言库209/209语言库 82排2列1层/ [索取号:H31/H467:1] | 在馆 | |
| 3 | 232244 | 202322441 | 语言库209/209语言库 82排2列1层/ [索取号:H31/H467:1] | 在馆 |